| 000 | 02642nam a22002657a 4500 | ||
|---|---|---|---|
| 999 |
_c62724 _d62724 |
||
| 003 | Ge_BSU | ||
| 005 | 20250130143510.0 | ||
| 008 | 250130s2021 ge ||||| |||| 00| 0 geo d | ||
| 020 | _a9789941838248 | ||
| 041 | _ageo | ||
| 080 | _a633.11(479.22)(09) + 392(=353.1) ს-15 | ||
| 100 |
_aსადუნიშვილი, თინათინ _924189 |
||
| 245 |
_aსაქართველოს აგრარული კულტურა : _b[მონოგრაფია] / _cთინათინ სადუნიშვილი, ინეზა მაისაია, ქეთევან ბაცაცაშვილი [და სხვა]; რედაქტორი გიორგი კვესიტაძე; ფოტოილუსტრაციები: თენგიზ ალფენიძის, ნინო ერაძის, ელდარ ნადირაძის, სოფო მეტრეველის; საქართველოს მეცნიერებათა ეროვნული აკადემია, ილიას სახელმწ. უნივერსიტეტის ბოტანიკის ინსტიტუტი, საქართველოს ეროვნული ბოტანიკური ბაღი. |
||
| 264 |
_aთბილისი : _bსაქართველოს მეცნიერებათა ეროვნული აკადემია, _c 2021. |
||
| 300 |
_a414 გვ. : _bფოტოილ. ; _c29 სმ. |
||
| 700 |
_aსადუნიშვილი, თინათინ _eავტორი _924189 |
||
| 700 |
_aმაისაია, ინეზა _eავტორი _924190 |
||
| 700 |
_aბაცაცაშვილი, ქეთევან _eავტორი _924191 |
||
| 700 |
_aსიხარულიძე, შალვა _eავტორი _924192 |
||
| 700 |
_aდარჩიძე, თამაზ _eავტორი _919287 |
||
| 700 |
_aკვესიტაძე, გიორგი _eრედაქტორი _924193 |
||
| 700 |
_aალფენიძე, თენგიზ და სხვ. _eფოტოგრაფი _924194 |
||
| 710 |
_aსაქართველოს მეცნიერებათა ეროვნული აკადემია. _bილიას სახელმწ. უნივერსიტეტი. ბოტანიკის ინსტიტუტი. საქართველოს ეროვნული ბოტანიკური ბაღი. _924195 |
||
| 942 |
_2udc _cᲬᲘᲒᲜᲘ |
||